000 00635nam a22001817a 4500
008 151009b xxu||||| |||| 00| 0 eng d
020 _a978-0-7637-5810-3
082 _aDC 364.36
_bB89j
100 _951
_aBurfeind, James W.
245 _aJuvenile delinquency:
_ban integrated approach/
_cJames W. Burfeind and Dawn Jeglum Bartusch
260 _aBoston
_bJones and Bartlett Publishers
_c2011
300 _a382 pages;
_c28 cm.
500 _aIncludes bibliographical references and index.
650 0 _953
_aJuvenile delinquency
650 0 _954
_aJuvenile justice, Administration of
700 _952
_aBartusch, Dawn Jeglum
942 _2ddc
_cDC
999 _c26
_d26